000 00276nam a22001337a 4500
008 170921b xxu||||| |||| 00| 0 eng d
020 _a038081268040
041 _aeng
080 _a78
100 _a45
101 _aMUZ
245 _aJ.S BACH
_cPALMER,W.A
942 _2udc
_cBK
999 _c28821
_d28821